| 000 | 00900nas a2200301 4500 | ||
|---|---|---|---|
| 001 | BR9702208 | ||
| 003 | BR-BrBNA | ||
| 005 | 20231205100153.0 | ||
| 007 | ta | ||
| 008 | 230509b bl.|||p| |||| 00| 00por d | ||
| 040 |
_aBR-BrBNA _bpor _cBiblioteca Nacional de Agricultura |
||
| 041 | _a(Pt) | ||
| 072 | _aP35 | ||
| 100 | 1 | _aHolanda, J.S. de | |
| 100 | 1 | _aBrasil, E.C. | |
| 100 | 1 | _aSalviano, A.A.C. | |
| 100 | 1 | _aCarvalho, M.C.S. | |
| 100 | 1 | _aRodrigues, M.R.L. | |
| 100 | 1 | _aMalavolta, E. | |
| 245 | 1 | _aEficiencia de extratores de fosforo para um solo adubado com fosfatos e cultivado com arroz | |
| 650 | _aArroz | ||
| 650 | _aFosforo | ||
| 650 | _aAdubacao | ||
| 650 | _aDisponibilidade de Nutriente | ||
| 773 | 0 |
_tScientia Agricola (Brazil) _xISSN 0103-9016 _g(Sep-Dec 1995), v. 52(3) p. 561-568 _wBR9702208 |
|
| 909 |
_a202311 _bLúcia _c55 _dLúcia Elande |
||
| 942 |
_2AGRIS _n0 _cANA |
||
| 999 |
_c154596 _d154596 |
||